Statistics for Brighton & Hove Albion most expensive signings

Click here to take the quiz!

General Stats

  • This quiz has been taken 27 times
  • The average score is 6 of 10

Answer Stats

Signed fromSeasonFee (€)Player% Correct
Watford23/2434.2 millionJoão Pedro
92%
Villareal22/2317.8 millionPervis Estupiñán
83%
Anderlecht23/2420 millionBart Verbruggen
75%
Getafe21/2218 millionMarc Cucurella
71%
Bristol City19/2022.22 millionAdam Webster
63%
Lille23/2427 millionCarlos Baleba
63%
Independiente20/2128.2 millionMoisés Caicedo
46%
RB Salzburg21/2223 millionEnock Mwepu
33%
PSV Eindhoven17/1817 millionJürgen Locadia
25%
AZ Alkmaar18/1922.5 millionAlireza Jahanbakhsh
13%

Score Distribution

Percentile by Number Answered

Percent of People with Each Score

Your Score History

You have not taken this quiz